000 00337nam a22001457a 4500
008 230329b ||||| |||| 00| 0 eng d
020 _a9780965865319
041 _aeng
080 _a33
082 _a33KEE
100 _a24
101 _aBIZNES
245 _aMEASURING THE BUSINESS VALUE OF LOGISTICS
_cKEEBLER.S.J
942 _2udc
_cBK
999 _c59480
_d59480